| 000 | 00801nam a22001817a 4500 | ||
|---|---|---|---|
| 005 | 20251108165356.0 | ||
| 008 | 250721s1975 xx 000 0 ara d | ||
| 082 | 1 | 4 | _a962/لطف |
| 100 | 1 | _aجحاف، لطف الله بن أحمد | |
| 245 | 1 | 0 |
_aنصوص يمنية عن الحملة الفرنسية على مصر : _bنصوص مختارة من المخطوطة اليمنية درر نحور الحور العين بسيرة الإمام المنصور و رجال دولته الميامين / |
| 264 | 1 |
_aالقاهرة : _bجامعة عين شمس، _c1975. |
|
| 300 | _a175ص : فهارس | ||
| 650 | 1 | 7 | _aتاريخ مصر |
| 650 | 1 | 7 | _aالحملة الفرنسية على مصر 1801 - 1798 |
| 700 | 1 |
_aسالم، سيد مصطفى _eتحقيق |
|
| 942 |
_2ddc _cBK |
||
| 999 |
_c26417 _d26417 |
||